| 000 | 00893cam a2200253 i 4500 | ||
|---|---|---|---|
| 001 | 18697314 | ||
| 005 | 20180206041014.0 | ||
| 008 | 150713s2016 caua b 001 0 eng | ||
| 010 | _a 2015022908 | ||
| 020 | _a9781483319841 (pbk. : alk. paper) | ||
| 040 |
_aDLC _beng _cDLC _erda |
||
| 041 | _aeng | ||
| 042 | _apcc | ||
| 043 | _an-us--- | ||
| 080 | _a320.47301 KER | ||
| 082 | 0 | 0 |
_a320.47301 KER _223 |
| 100 | 1 | _a19 | |
| 101 | _aPOL | ||
| 245 | 1 | 4 |
_aThe logic of American politics / _cSamuel Kernell, University of California, San Diego, Gary C. Jacobson, University of California, San Diego, Thad Kousser, University of California, San Diego, Lynn Vavreck, University of California Los Angeles. |
| 504 | _aIncludes bibliographical references and index. | ||
| 906 |
_a7 _bcbc _corignew _d1 _eecip _f20 _gy-gencatlg |
||
| 942 |
_2ddc _cBK |
||
| 999 |
_c41878 _d41878 |
||